Infracciones y sanciones tributarias
-д хадгалсан:
| Байгууллагын зохиогч: | |
|---|---|
| Формат: | Үл мэдэгдэх |
| Хэл сонгох: | англи испани |
| Хэвлэсэн: |
Santiago, Chile
Libromar
2019
|
| Цуврал: | Colección de Manuales Prácticos
|
| Нөхцлүүд: | |
| Шошгууд: |
Шошго нэмэх
Шошго байхгүй, Энэхүү баримтыг шошголох эхний хүн болох!
|
MARC
| LEADER | 00000 a2200000 4500 | ||
|---|---|---|---|
| 003 | CL-VaPUC | ||
| 005 | 20250505102432.0 | ||
| 008 | 200122b ||||| |||| 00| 0 eng d | ||
| 999 | |c 377561 |d 377559 | ||
| 020 | |a 9789567890606 | ||
| 040 | |c Pontificia Universidad Católica de Valparaíso | ||
| 041 | 0 | |a spa | |
| 082 | |a 343.04 EDI 2019 | ||
| 110 | 1 | |a EDIG Ltda |e editor |9 611738 | |
| 245 | 1 | 0 | |a Infracciones y sanciones tributarias |
| 260 | 3 | |b Libromar |c 2019 |a Santiago, Chile | |
| 300 | |a 138 páginas | ||
| 490 | |a Colección de Manuales Prácticos | ||
| 505 | 0 | |a Primera parte. De los apremios. Segunda parte. Infracciones y sanciones. Tercera Parte. Condonaciones a las sanciones pecuniarias. Cuarta parte. De los procedimientos y reclamación. | |
| 583 | |k Hugo Gaete |c 20200122 | ||
| 650 | 0 | 0 | |a INFRACCIONES TRIBUTARIAS |9 384068 |
| 650 | 0 | 0 | |a Hacienda pública |9 258673 |
| 650 | 0 | 0 | |a DELITOS TRIBUTARIOS |9 389324 |
| 942 | |2 ddc |c BK | ||
| 952 | |0 0 |1 0 |2 ddc |4 0 |6 343_040000000000000_EDI_2019 |7 0 |8 A |9 497543 |a BIBGIM |b BIBGIM |d 2020-01-20 |e 22 |g 20500.00 |i 5572959 |o 343.04 EDI 2019 |p 5572959 |r 2025-01-15 |t 2 |v 20500.00 |w 2020-01-20 |y BK |k COM | ||
| 952 | |0 0 |1 0 |2 ddc |4 0 |6 343_040000000000000_EDI_2019 |7 0 |8 A |9 497544 |a BIBGIM |b BIBGIM |d 2020-01-20 |e 22 |g 20500.00 |i 5572940 |o 343.04 EDI 2019 |p 5572940 |r 2025-01-15 |t 1 |v 20500.00 |w 2020-01-20 |y BK |k COM | ||